Centre del Vallès, Institut del Teatre, Diputació de Barcelona
Descripción Física:
[12] p. : il., col. ; 21 x 30 cm
MARC
| LEADER | 00000nam a2200000Ia 4500 | ||
|---|---|---|---|
| 001 | 9128 | ||
| 003 | BGR | ||
| 005 | 20260324175234.0 | ||
| 008 | 160829s9999 xx 000 0 cat d | ||
| 080 | |a FU-23-41 | ||
| 110 | 1 | |a Institut del Teatre (Barcelona, Catalunya) |9 52662 |b Centre del Vallès | |
| 245 | |a Centre del Vallès, Institut del Teatre, Diputació de Barcelona | ||
| 260 | |a Barcelona : |b Diputació de Barcelona. Institut del Teatre, dl 1989 | ||
| 300 | |a [12] p. : |b il., col. ; |c 21 x 30 cm | ||
| 590 | |a Text en català, castellà, francès i anglès. | ||
| 590 | |a Títol obtingut de la coberta | ||
| 650 | |a Institut del Teatre (Barcelona). Centre del Vallès |x Edificis |9 22671 | ||
| 710 | 1 | |a Barcelona (Catalunya : Província). |b Diputació |9 52408 | |
| 901 | |a Arxiu | ||
| 942 | |n 1 |2 udc |c MON | ||
| 952 | |0 0 |1 0 |4 0 |6 FU2341 |7 1 |9 42288 |a Arxiu |b Arxiu |d 2016-12-01 |l 0 |o FU-23-41 |p 9128 |r 2016-12-01 00:00:00 |w 2016-12-01 |y ARXIU | ||
| 999 | |c 44766 |d 44766 | ||